000 00257nam a2200097Ia 4500
001 1250964
005 20251031150906.0
008 251031s9999 xx 000 0 und d
245 0 _cHÜSEYİN KELEŞ
_aİ-4 KARA SEVDA BEŞİKTAŞ
260 _bTİMAŞ YAYINLARI
999 _c1250964
_d1250964